00988nam a2200241Ia 4500001000600000003000900006008004100015040001300056040001300069041001300082100001900095100002900114245007300143245008400216250001100300260001000311260001800321260004900339300005700388500022900445650004100674650003100715B0940IT-RoPAU130308s9999 xx 000 0 und d aIT-RoPAU cIT-RoPAU aFRANCESE aAncelin Claire gCodice Aut. SPICS: 37308 aServices videotex grand public, la naissance d'un secteur economique bParadis informationnels (Les)-Du minitel Aux services de Communication Du Futur a1a ed. aPARIS bMasson Et Cie c1987 [1° Ed.:1987 - Ed.Ling.Originale:1987] a"32 p. (prefazione: no ; testo: 32 [pagine: 63-94])" aServizi videotex per Il Grande Pubblico, Nascita di un settore Economico. Organizzazione dei flussi Finanziari. Informazione, Comunicazione e Giochi:Frontiere che Cadono. Tariffe Sugli Usi e Sui Servizi. canone del Videotex. aPOLITICA DELLA COMUNICAZIONE SOCIALE eCodice materia Spics: 3803